O tempo de invenção criadora no romance Os Maias, de Eça de Queirós (Registo nº 202069)
[ vista simples ]
| 000 -Etiqueta do registo | |
|---|---|
| Valores | 00648nam 22002173 4500 |
| 011 ## - Número ISSN | |
| Modalidade de aquisição e/ou preço | Oferta |
| 021 ## - Número do Depósito Legal | |
| Código do país | Brasil |
| 100 ## - Dados gerais de processamento | |
| Dados gerais | 20260507d u||y0pory50 ba |
| 200 ## - Titulo e menção de responsabilidade | |
| Título próprio | O tempo de invenção criadora no romance Os Maias, de Eça de Queirós |
| Primeira menção de responsabilidade | João Décio |
| 210 ## - Publicação | |
| Local de publicação | Marília |
| Nome do editor | UNESP |
| Data de publicação | 1982 |
| 215 ## - Descrição física | |
| Paginação / Volumes | 23, [1] p. |
| Outras indicações físicas | brochado |
| Dimensões | 21 cm |
| 225 ## - Colecção | |
| Título próprio da colecção | Literatura |
| Indicação de volume | 7 |
| 326 ## - Nota de Periodicidade | |
| Periodicidade | Publicação avulsa nº 46 |
| 606 ## - Nome comum usado como assunto | |
| ID Autoridade | 3661 |
| Palavra de ordem | Crítica Literária.Estudos Literários |
| 675 ## - CDU | |
| Notação | 82.09 |
| Edição | PT |
| Língua | por |
| 700 ## - Autor principal (pessoa individual) | |
| ID Autoridade | 17258 |
| Apelido | Décio |
| Nome | João |
| 801 ## - Fonte de origem | |
| País | PT |
| Agência | BMMN |
| Regras de catalogação | RPC |
| 830 ## - Notas gerais do catalogador | |
| Data de criação | 07/05/20206 |
| Data de indexação | 07/05/2026 |
| 990 ## - Elementos KOHA | |
| Tipo de documento | Jornais e Revistas |
| Aquisição | Código de barras | Cota | Permissão de empréstimo | Tipo de documento | Nota relativa ao exemplar | Empréstimo | Forma de aquisição |
|---|---|---|---|---|---|---|---|
| Biblioteca Municipal de Montemor-o-Novo | 31484 | 82.09 DEC|SAF | Jornais e Revistas | Acesso Condicionado | Biblioteca Municipal de Montemor-o-Novo | Oferta |